Prolog and Databases

Salvato in:
Dettagli Bibliografici
Altri autori: Gray, Peter M.D, Lucas, Robert J.
Natura: Libro
Lingua:inglese
Pubblicazione: Chichester Ellis Horwood Lim. 1988
Edizione:1. ed.
Tags: Aggiungi Tag
Nessun Tag, puoi essere il primo ad aggiungerne!!

MARC

LEADER 00000nam a2200000 4500
001 c032423
005 20250516125255.3
041 0 |a eng 
044 |a GB 
245 1 0 |a Prolog and Databases  |c Edit. Peter M. D. Gray, Robert J. Lucas 
250 |a 1. ed. 
264 1 |a Chichester  |b Ellis Horwood Lim.  |c 1988 
300 |a 358 s. 
700 1 |a Gray, Peter M.D. 
700 1 |a Lucas, Robert J.